Dimathème 5e: programme 1997, livre du professeur

Furkejuvvon:
Bibliográfalaš dieđut
Váldodahkkit: Lanoëlle, Alain (Dahkki), Nassiet, Francis (Dahkki), Perrinaud, Jean-Claude (Dahkki), Porté, Daniel (Dahkki)
Materiálatiipa: Girji
Giella:fránskkagiella
Almmustuhtton: París Didier 1997
Fáttát:
Fáddágilkorat: Lasit fáddágilkoriid
Eai fáddágilkorat, Lasit vuosttaš fáddágilkora!

MARC

LEADER 00000nam a2200000 a 4500
001 UCO2455
003 CL-VaPUC
008 000602e19970000FR |||||||||||||||||fre|d
082 0 4 |a 510.7  |b LAN  |2 21 
100 |a Lanoëlle, Alain  |e author  |9 497971 
700 0 |a Nassiet, Francis  |e author  |9 445651 
700 0 |a Perrinaud, Jean-Claude  |e author  |9 445652 
700 0 |a Porté, Daniel  |e author  |9 445653 
245 1 0 |a Dimathème 5e: programme 1997, livre du professeur 
300 |a 47 p 
942 |c BK 
945 |d 20000602 00:00:00  |a vberengu 
260 |a París  |b Didier  |c 1997 
650 0 |a Matemáticas  |x Enseñanza  |9 875527 
650 0 |a Matemática  |9 260235 
583 |a last modification  |c 20000602 00:00:00  |k Rodrigo Vera 
999 |c 288966  |d 288964 
952 |0 0  |1 0  |4 0  |6 510_700000000000000_LAN_1997  |7 0  |8 A  |9 336994  |a BIBMAT  |b BIBMAT  |c E_DIDACT  |d 2019-11-20  |i 3587282  |o 510.7 LAN 1997  |p 3587282  |r 2025-01-07  |w 2019-11-20  |y BK  |k MAT